| АИС "Историко-культурное наследие Беларуси" | ||
| Базовый | Расширенный | Профессиональный | Словарь персоналий | Тематический словарь | По видам объектов | История запросов Заказы | Регистрация | |
Запись в MARC-формате
| копировать MARC-запись |
=LDR 00000nx\\c2200193\\\45\\
=001 BY-NLB-ar7741265
=005 20160330095642.4
=100 \\$a20140711abely50\\\\\\ca0
=152 \\$apsbo
=160 \\$ae-bw
=215 \\$aТульгавічы, вёска (Хойніцкі раён)
=300 1\$aВядома з 15 ст. З 1793 г. – у Расійскай імперыі. У 1908 г. – у Юравіцкай воласці Рэчыцкага павета Мінскай губерні. У 1926–1986 гг. – цэнтр Тульгавіцкага сельсавета Юравіцкага, з 1931 г. – Хойніцкага раёнаў Рэчыцкай, з 1927 г. – Мазырскай (да 1930 г.) акруг, з 1938 г. – Палескай, з 1954 г. – Гомельскай абласцей.
=356 \\$aЗнаходзіцца ў Судкоўскім сельсавеце Хойніцкага раёна Гомельскай вобласці.
=515 \\$5w$3BY-NLB-ar7741266$aТульговичи, деревня (Хойникский район)
=801 \0$aBY$bBY-HM0000$c20140711
=810 \\$aНазвы населеных пунктаў Рэспублікі Беларусь : Гомельская вобласць : нарматыўны даведнік. — Мінск, 2006.
=810 \\$aГарады і вёскі Беларусі : энцыклапедыя. Т. 2. Гомельская вобласць, кн. 2. — Мінск, 2005.
=856 4\$uhttp://ate.nca.by/$zБД "Единый реестр административно-территориальных и территориальных единиц Республики Беларусь".$zДаныя паводле стану на 11.07.2014.
=999 \\$f2786 NLB-NDARD$t20140711
Чтобы вернуться назад, щелкните кнопку BACK на Вашем браузере